The Japanese standards for herbal medicines

Shranjeno v:
Bibliografske podrobnosti
Format: Knjiga
Jezik:Undetermined
Izdano: Tokyo Yakuji Nippo 1993
Teme:
Oznake: Označite
Brez oznak, prvi označite!
Thư viện lưu trữ: Trung tâm Học liệu Trường Đại học Cần Thơ
LEADER 00479nam a2200169Ia 4500
001 CTU_127335
008 210402s9999 xx 000 0 und d
082 |a 615.321 
082 |b J33 
245 4 |a The Japanese standards for herbal medicines 
260 |a Tokyo 
260 |b Yakuji Nippo 
260 |c 1993 
650 |a Materia medica, Vegetable,Medicinal plants 
650 |z Japanese,Japanese 
904 |i Nguyên 
980 |a Trung tâm Học liệu Trường Đại học Cần Thơ